000 00366nam a22001217a 4500
040 _cHS
082 _a333
100 _aវន មុនិន្ទ
245 _aការវាយតម្លៃផលប៉ះពាល់បរិស្ថាន environmental impact assessment
260 _aRUA
_bវន មុនិន្ទ
_c2009
300 _a67p;
942 _cKB
999 _c9157
_d9157